Global Cuisine by Images - E - Statistics

General Stats
  • This quiz has been taken 62 times
  • The average score is 5 of 16
Answer Stats
Picture Answer % Correct
Eclair
80%
Escargot
71%
Empanada
69%
Enchilada
65%
Eggnog
58%
Eggs Benedict
51%
Egg Drop Soup
31%
Elote
24%
Egg Noodles
16%
English Muffins
16%
Eton Mess
15%
Eisbein
7%
Ensaimada
2%
Egbo
0%
Eggah
0%
Ekmek kadayifi
0%
No matching quizzes found
Score Distribution
Percent of People with Each Score
Percentile by Number Answered
Your Score History
You have not taken this quiz